| 000 | 01095cam a22003015a 4500 | ||
|---|---|---|---|
| 001 | 12304291 | ||
| 005 | 20150528112932.0 | ||
| 008 | 010208t2001 nyuao frbdf 001 0 eng d | ||
| 020 | _a0824705424 | ||
| 020 | _a9780824705428 | ||
| 040 |
_aDLC _beng _cDLC _dDLC _dEG-ScBUE |
||
| 082 | 0 | 4 |
_a628.51 _bCHE _222 |
| 100 | 1 |
_aCheremisinoff, Nicholas P. _96591 |
|
| 245 | 1 | 0 |
_aHandbook of pollution prevention practices / _cNicholas P. Cheremisinoff. |
| 260 |
_aNew York : _bMarcel Dekker, Inc., _cc.2001. |
||
| 300 |
_axvi, 429 p. : _btables, photographs ; _c24 cm. |
||
| 490 | 0 |
_aEnvironmental science and pollution control series ; _v24 |
|
| 500 | _aIndex : p. 423-429. | ||
| 500 | _aIncludes glossary. | ||
| 504 | _aIncludes bibliographical references. | ||
| 650 | 0 |
_aFactory and trade waste _xManagement _vHandbooks, manuals, etc. _2BUEsh |
|
| 650 | 0 |
_aPollution prevention _vHandbooks, manuals, etc. _2BUEsh |
|
| 650 | 0 |
_aIndustries _xEnvironmental aspects _vCase studies. _2BUEsh |
|
| 651 | _2BUEsh | ||
| 653 |
_bENGGEN _cMay2015 |
||
| 655 |
_vreading book _934232 |
||
| 942 |
_2ddc _k628.51 CHE |
||
| 999 |
_c19437 _d19409 |
||